000 03859cgm a2200805Ia 4500
001 ocn444747861
003 OCoLC
005 20251002125345.0
007 vd cvaizq
008 091002s2009 cau112 g vleng d
020 _a1435932579
020 _a143595114X
020 _a9781435932579
024 1 0 _a043396275140
028 4 2 _a27514
_bSony Pictures Home Entertainment
029 1 _aNZ1
_b13189468
035 _a(OCoLC)444747861
040 _aTEFMT
_cTEFMT
_dTEF
_dBTCTA
_dTEFMT
_dMR0
_dTEF
_dJFN
_dGK8
_dUINTA
_erda
041 1 _aeng
_afre
_heng
043 _af-sa---
049 _aUCLB
050 1 4 _aPN1997.2
_b.D57 2009
082 0 4 _a791.43/72
_222
092 _a791.437
245 0 0 _aDistrict 9
_h[videorecording] /
246 3 _aDistrict Nine
260 _aCulver City, Calif. :
_bSony Pictures Home Entertainment,
_cc2009.
264 _aCulver City, Calif. :
_bSony Pictures Home Entertainment,
_cc2009.
300 _a1 videodisc (112 min.) :
_bsd., col. ;
_c4 3/4 in.
500 _aDVD release of the 2009 motion picture.
500 _aSpecial features: deleted scenes; directors commentary ; "The alien agenda: a filmmaker's log" three-part documentary.
508 _aDirector of photography, Trent Opaloch ; editor, Julian Clarke ; music, Clinton Shorter.
511 1 _aSharlto Copley, Jason Cope, Nathalie Boltt, Sylvaine Strike, John Sumner, William Allen Young, Nick Blake.
520 _aTwenty years ago, aliens from another planet made contact with Earth. Now, the refugee camp they are forced to live in has deteriorated into a slum-like ghetto. When field operative Wikus van der Merwe is put in charge of evicting the aliens, he contracts a strange virus that changes his DNA to match that of the refugees. As his body begins to mutate, he becomes a hunted man, and the aliens' only hope for freedom.
521 8 _aMPAA rating: R; for bloody violence and pervasive language
_aCHV rating: 14A; gory scenes and extreme violence.
538 _aDVD ; anamorphic widescreen (1.85:1) presentation ; Dolby digital 5.1 surround (English and French).
546 _aIn English or dubbed French, with optional subtitles in English or French. Closed-captioned ; descriptive audio (English).
650 0 _aHuman-alien encounters
_vDrama.
_95698344
650 0 _aRelocation (Housing)
_zSouth Africa
_vDrama.
_96511193
650 0 _aVirus-vector relationships
_vDrama.
_95727206
650 0 _aRefugees
_xGovernment policy
_zSouth Africa
_vDrama.
_96511194
650 0 _aDNA damage
_vDrama.
_96511195
650 7 _aRelocalización (Vivienda)
_zSudáfrica
_vTeatro.
_2bidex
_96511196
650 7 _aRefugiados
_xPolítica gubernamental
_zSudáfrica
_vTeatro.
_2bidex
_96511197
651 0 _aSouth Africa
_vDrama.
_95784093
655 0 _aScience fiction films.
_96200753
655 0 _aAction and adventure films.
_95674017
655 0 _aThrillers (Motion pictures)
_96200754
655 0 _aVideo recordings for the hearing impaired.
_96200755
655 0 _aVideo recordings for people with visual disabilities.
_95676923
655 0 _aFeature films.
_96200756
655 0 _aFiction films.
_95674705
700 1 _aJackson, Peter,
_d1961-
_962033
700 1 _aCunningham, Carolynne.
_95728584
700 1 _aBlomkamp, Neill.
_96200757
700 1 _aTatchell, Terri.
_96200758
700 1 _aCopley, Sharlto.
_95893178
700 1 _aCope, Jason.
_96200759
700 1 _aBoltt, Nathalie.
_96200760
700 1 _aStrike, Sylvaine.
_96200761
700 1 _aSumner, John,
_d1951-
_96200762
700 1 _aYoung, William Allen,
_d1953-
_96200763
700 1 _aBlake, Nick.
_928669
700 1 _aShorter, Clinton.
_95884682
710 2 _aTri-Star Pictures.
_936498
710 2 _aBlock/Hanson (Firm)
_96200764
710 2 _aWingNut Films (Firm)
_977357
710 2 _aSony Pictures Home Entertainment (Firm)
_971947
942 _cDVD
_2ddc
999 _c65734
_d65734